000 01032nam a22002897a 4500
999 _c63885
_d63885
005 20240530110704.0
008 171225s2015 ua a g b 000 0dara d
017 _a2014/22433
_bمصر. دار الكتب
020 _a9789779100470
040 _aEG-CaGPL
_cEG-CaGPL
082 0 4 _221
_a306.4\
_bا ف
100 0 _aالسيد حنفى عوض
245 1 0 _aفجر الثقافة فى تاريخ الشعوب /
_cتأليف السيد حنفى عوض .
250 _aط.1
260 _aالقاهرة :
_bالهيئة المصرية العامة للكتاب ،
_c2014 .
300 _a387 ص. ؛
_c24 سم.
504 _aببليوجرافية : ص 373 - 384
650 0 7 _2qrmak
_aالثقافة
650 0 7 _2qrmak
_aالسيخية
650 0 7 _2qrmak
_aاللغة الفارسية
650 0 7 _2qrmak
_aاللغة الهندية
650 0 7 _2qrmak
_aالبوذية
650 0 7 _2qrmak
_aالديانات القديمة
651 _2qrmak
942 _2ddc
_cBK